[Event "Puspokladany Arnoth Memorial 11th"]
[Site "Puspokladany"]
[Date "2018.07.27"]
[Round "4"]
[White "Keseru, Tibor"]
[Black "Herka, Dominik"]
[Result "1-0"]
[WhiteElo "1899"]
[BlackElo "1818"]
[PlyCount "111"]
[EventDate "2018.07.25"]
[EventType "swiss"]
[EventRounds "9"]
[EventCountry "HUN"]
[SourceTitle "CBM 186 Extra"]
[Source "ChessBase"]
[SourceDate "2018.08.24"]
[SourceVersion "1"]
[SourceVersionDate "2018.08.24"]
[SourceQuality "1"]

1. g3 e5 2. d3 d5 3. e4 dxe4 4. dxe4 Qxd1+ 5. Kxd1 Nf6 6. f3 Nc6 7. c3 Be6 8. Be3 a6 9. Nd2 0-0-0 10. Kc2 Be7 11. b3 h6 12. Bc4 Bxc4 13. Nxc4 Rd7 14. Ne2 Rhd8 15. Rad1 Rxd1 16. Rxd1 Rxd1 17. Kxd1 g5 18. g4 Nd7 19. Ng3 Bf8 20. Nf5 Ne7 21. Nxe7+ Bxe7 22. Bf2 Bf6 23. Ne3 Bg7 24. Nf5 Bf8 25. Kc2 Nb8 26. Kd3 Kd7 27. Kc4 Ke6 28. a4 Nd7 29. b4 b6 30. Be3 Nf6 31. b5 a5 32. Kd3 Kd7 33. Kc4 Ke6 34. Bf2 h5 35. gxh5 Nxh5 36. Be3 f6 37. Kd3 Kd7 38. c4 c5 39. Ke2 Ke6 40. Kf2 Kf7 41. Kg2 Ng7 42. Nxg7 Kxg7 43. Kg3 Kg6 44. Kg4 Bd6 45. Bf2 Be7 46. h4 gxh4 47. Bxh4 Bd6 48. Be1 Bc7 49. Bd2 Bd6 50. f4 Bc7 51. fxe5 fxe5 52. Bg5 Kg7 53. Kf5 Kf7 54. Bf6 Ke8 55. Bxe5 Bd8 56. Ke6 1-0